000
00298nam a22001337a 4500
008
170418b xxu||||| |||| 00| 0 eng d
020
_a
9780138568245
041
_a
eng
080
_a
579
100
_a
11
101
_a
SHM
245
_a
MICROBIOLOGY PERSPECTIVES
_c
WISTREICH.G
942
_2
udc
_c
BK
999
_c
10968
_d
10968